मन की तरंगे/ (Record no. 203046)

MARC details
000 -LEADER
fixed length control field 00750nam a22001937a 4500
005 - DATE AND TIME OF LATEST TRANSACTION
control field 20240530105533.0
010 ## - LCCN (DPL NO)
LC control number HIN-127601
020 ## - INTERNATIONAL STANDARD BOOK NUMBER
International Standard Book Number 9788119057139
Terms of availability 199.00
035 ## - SYSTEM CONTROL NUMBER
System control number HN-99947
037 ## - SOURCE OF ACQUISITION
Source of stock number/acquisition DBAD
082 ## - DEWEY DECIMAL CLASSIFICATION NUMBER
Classification number 821
Edition number 1
100 ## - MAIN ENTRY--PERSONAL NAME
Personal name सक्सेना, सुनीता
245 ## - TITLE STATEMENT
Title मन की तरंगे/
Statement of responsibility, etc सुनीता सक्सेना
260 ## - PUBLICATION, DISTRIBUTION, ETC. (IMPRINT)
Place of publication, distribution, etc नई दिल्ली
Name of publisher, distributor, etc फ्लोरेंट पब्लिकेशन
Date of publication, distribution, etc 2023
270 ## - ADDRESS
City नई दिल्ली
Telephone number 8851941583
-- 9718546120
Electronic mail address info.florentpub@gmail.com
300 ## - PHYSICAL DESCRIPTION
Extent 91पृ.
Dimensions 21सेमी. (अजिल्द)
650 ## - SUBJECT ADDED ENTRY--TOPICAL TERM
Topical term or geographic name as entry element हिन्दी
942 ## - ADDED ENTRY ELEMENTS (KOHA)
Source of classification or shelving scheme Dewey Decimal Classification
Item type Hindi Books
Classification part 821
Call number suffix सक्सेन
Holdings
Withdrawn status Lost status Not for loan Collection code Home library Current library Date acquired Source of acquisition Cost, normal purchase price Full call number Barcode Copy number Cost, replacement price Koha item type
      Non-fiction Ashok Vihar Ashok Vihar 20/05/2024 DBAD 199.00 821 सक्सेन HN-99947 1 199.00 Hindi Books

© Delhi Public Library
Hit Counter
free hit counter